Campus to corporate : (Record no. 97011)

MARC details
000 -LEADER
fixed length control field 00772nam a22002297a 4500
005 - DATE AND TIME OF LATEST TRANSACTION
control field 20151012110622.0
010 ## - LCCN (DPL NO)
LC control number ENG-114074
020 ## - INTERNATIONAL STANDARD BOOK NUMBER
Terms of availability 225.00
International Standard Book Number 9789351502791
035 ## - SYSTEM CONTROL NUMBER
System control number EN-97606
037 ## - SOURCE OF ACQUISITION
Source of stock number/acquisition DBAD/PUB
082 ## - DEWEY DECIMAL CLASSIFICATION NUMBER
Classification number 650.1
100 ## - MAIN ENTRY--PERSONAL NAME
Personal name Joshi,Gangadhar
245 ## - TITLE STATEMENT
Title Campus to corporate :
Statement of responsibility, etc by Gangadhar Joshi
Remainder of title your roadmap to employability /
260 ## - PUBLICATION, DISTRIBUTION, ETC. (IMPRINT)
Place of publication, distribution, etc New Delhi
Name of publisher, distributor, etc SAGE Publications
Date of publication, distribution, etc 2015
270 ## - ADDRESS
Address B1/I-1 Mohan Cooperative Industrial Area Mathura Road
City New Delhi
Postal code 110044
300 ## - PHYSICAL DESCRIPTION
Extent xiii,220,I-6p.
Dimensions 25cm(pbk)
500 ## - GENERAL NOTE
General note Includes index
650 ## - SUBJECT ADDED ENTRY--TOPICAL TERM
Topical term or geographic name as entry element College graduates
General subdivision Employment
Geographic subdivision India
650 ## - SUBJECT ADDED ENTRY--TOPICAL TERM
Topical term or geographic name as entry element College graduates
General subdivision Vocational guidance
Geographic subdivision India
650 ## - SUBJECT ADDED ENTRY--TOPICAL TERM
Topical term or geographic name as entry element Career development
Geographic subdivision India
942 ## - ADDED ENTRY ELEMENTS (KOHA)
Source of classification or shelving scheme Dewey Decimal Classification
Item type English Books
Call number suffix JOS
Classification part 650.1
Holdings
Withdrawn status Lost status Not for loan Collection code Home library Current library Date acquired Source of acquisition Cost, normal purchase price Full call number Barcode Copy number Cost, replacement price Koha item type
    Not For Loan Non-fiction D.B.Act.Division D.B.Act.Division 16/09/2015 DBAD/PUB 225.00 650.1 JOS EN-97606 1 225.00 English Books

© Delhi Public Library
Hit Counter
free hit counter